Poirot infringe la ley

Colección de relatos de misterio que son protagonizados por dos de los más famosos detectives de la autora, Hércules Poirot y Miss Marple. Contiene doce relatos cortos desde misterios simples a sobrenaturales, también algunos donde Poirot debe infligir la ley para resolver el caso. Dicho libro está...

תיאור מלא

שמור ב:
מידע ביבליוגרפי
מחבר ראשי: Christie, Agatha
פורמט: ספר
שפה:Undetermined
יצא לאור: Barcelona, España Editorial Molino 1966
נושאים:
תגים: הוספת תג
אין תגיות, היה/י הראשונ/ה לתייג את הרשומה!

MARC

LEADER 00000nam a2200000Ia 4500
008 170316s9999 xx 000 0 und d
040 |a cru BVZT 
090 |a 820 CH-4p 
100 |a Christie, Agatha 
245 |a Poirot infringe la ley 
260 |a Barcelona, España 
260 |b Editorial Molino 
260 |c 1966 
300 |a 222 páginas 
520 |a Colección de relatos de misterio que son protagonizados por dos de los más famosos detectives de la autora, Hércules Poirot y Miss Marple. Contiene doce relatos cortos desde misterios simples a sobrenaturales, también algunos donde Poirot debe infligir la ley para resolver el caso. Dicho libro está en español. 
650 |a LITERATURA INGLESA  |9 12 
650 |a NOVELA - SUSPENSO 
650 |a NOVELA - MISTERIO 
999 |c 6820  |d 6820 
942 |c 15 D  |h 820 CH-4p  |2 z